| 000 | 00867nam a22002177a 4500 | ||
|---|---|---|---|
| 999 |
_c20084 _d20084 |
||
| 003 | AR-CdUCM | ||
| 008 | 190525b ||||| |||| 00| 0 spa d | ||
| 040 |
_aMUNICIPALIDAD PROVINCIAL DEL CUSCO _cBIBLIOTECA MUNICIPAL DEL CUSCO |
||
| 082 |
_a301 / _bS56 |
||
| 100 |
_aSimmel, Jorge _927985 |
||
| 245 |
_aSociología : _bEstudios sobre las formas de socialización / |
||
| 260 |
_aBuenos Aires : _bEspasa-Calpe, _c1939. |
||
| 300 |
_a359 páginas _c22 cm. |
||
| 505 | _aContenido: El cruce de los círculos sociales -- El pobre -- La auto-conservación de los grupos sociales -- El espacio y la sociedad -- La ampliación de los grupos y la formación de la individualidad... | ||
| 650 |
_aSociologia _9276 |
||
| 650 |
_aPsicología _91538 |
||
| 650 |
_aLogica _92358 |
||
| 700 |
_aPérez Bances, J. (traductor) _942021 |
||
| 942 |
_2ddc _cLIBROS |
||
| 945 | _aJavier | ||